LEADER 01406nam a2200337 a 4500 001 000000135117 003 CaOOAMICUS 005 20130719141556.0 008 130719s1999 it a u000 u ita r 020 $a88-06-15014-6 040 $aPUL$bita 041 1 $aita$hfre 100 1 $aWunenburger, Jean-Jacques.$0(OLS)http://pul/name/42375 240 10$aPhilosophie des images.$lItaliano.$0(OLS)http://pul/title/170889 245 10$aFilosofia delle immagini /$cJean-Jacques Wunenburger. 260 $aTorino :$bGiulio Einaudi,$c©1999. 300 $aXIV, 433 p. :$bill. ;$c21 cm. 490 1 $aPiccola biblioteca Einaudi. Nuova serie. Filosofia ;$v06 500 $aInclude indici. 504 $aBibliografia p. [407]-422. 650 4$aEstetica$xCritica e interpretazione.$0(OLS)http://pul/subject/25285 650 4$aImmagini$xTeorie.$0(OLS)http://pul/subject/35394 830 0$aPiccola biblioteca Einaudi.$pNuova serie$pFilosofia ;$v06.$0(OLS)http://pul/title/142964 850 $aPUL 852 $aPUL$W1$xDP1 Fondo E. Rossi$y115$m1 W 26$j155502$qFondi$B155074$CPULBib$Z2$F155074 $82 941 1 $a1 961 $aSul dorso collocazione ms. di E. Rossi: W 18 996 $6020$a88-06-15014-6$9(OLS)http://pul/number/153386 996 $6245$aFilosofia delle immagini$9(OLS)http://pul/title/170888 996 $6260$aTorino :$bGiulio Einaudi$9(OLS)http://pul/publisher/54573 LEADER 01379nam a2200289 u 4500 001 000000074887 003 CaOOAMICUS 005 20070226123035.0 008 021218s1987 it u000 u ita u 035 $a10949284 040 $aPUL$bita 245 03$aLa societą post-industriale come societą dell'informazione :$b10. corso nazionale di aggiornamento, 29 giugno - 5 luglio 1986 : materiali di base. 260 $a[S. l. :$bs. n.],$c1987. 300 $a78 p. ;$c21 cm 490 1 $aQuaderni di nostro cinema ;$v17 500 $aIn testa al front.: ACEC, ANCCI. 504 $aContiene indicazioni bibliografiche. 650 4$aInformatica e societą.$0(OLS)http://pul/subject/25935 650 4$aMass media.$0(OLS)http://pul/subject/21149 650 4$aLinguaggio e informazione.$0(OLS)http://pul/subject/26096 830 0$aQuaderni di nostro cinema ;$v17.$0(OLS)http://pul/title/71617 850 $aPUL 852 $aPUL$W1$xSL Religione 2$y84$mRH E2 94$j96492$nBK-PRI$b $qStampati altre collocazioni$B96492$CPULBib$Z2$F96492 $H $81 941 1 $a10 961 $aINV: 85829 996 $6245$aLa societą post-industriale come societą dell'informazione :$b10. corso nazionale di aggiornamento, 29 giugno - 5 luglio 1986 : materiali di base$9(OLS)http://pul/title/98241 996 $6260$a[S. l. :$bs. n.]$9(OLS)http://pul/publisher/47882